The epidemiology of at-risk and binge drinking among middle-aged and elderly community adults: National Survey on Drug Use and Health

Saved in:  
Bibliographic Details
Authors: Blazer, D.G. (Author) ; Wu, L.-T. (Author)
Format: Electronic Article
Language:English
Published: 2009
In: The American journal of psychiatry
Year: 2009, Volume: 166, Issue: 10, Pages: 1162-1169
Online Access: Volltext (kostenfrei)
Check availability: HBZ Gateway

MARC

LEADER 00000caa a22000002c 4500
001 191253746X
003 DE-627
005 20250123055005.0
007 cr uuu---uuuuu
008 241217s2009 xx |||||o 00| ||eng c
024 7 |a 10.1176/appi.ajp.2009.09010016  |2 doi 
035 |a (DE-627)191253746X 
035 |a (DE-599)KXP191253746X 
040 |a DE-627  |b ger  |c DE-627  |e rda 
041 |a eng 
084 |a 2,1  |2 ssgn 
100 1 |a Blazer, D.G.  |e VerfasserIn  |4 aut 
245 1 4 |a The epidemiology of at-risk and binge drinking among middle-aged and elderly community adults: National Survey on Drug Use and Health 
264 1 |c 2009 
336 |a Text  |b txt  |2 rdacontent 
337 |a Computermedien  |b c  |2 rdamedia 
338 |a Online-Ressource  |b cr  |2 rdacarrier 
700 1 |a Wu, L.-T.  |e VerfasserIn  |4 aut 
773 0 8 |i Enthalten in  |t The American journal of psychiatry  |d Stanford, Calif. : HighWire Press, 1844  |g 166(2009), 10, Seite 1162-1169  |h Online-Ressource  |w (DE-627)306660318  |w (DE-600)1500554-9  |w (DE-576)081986505  |x 1535-7228  |7 nnas 
773 1 8 |g volume:166  |g year:2009  |g number:10  |g pages:1162-1169 
787 0 8 |i Forschungsdaten  |a United States Department of Health and Human Services. Substance Abuse and Mental Health Services Administration. Office of Applied Studies  |t National Survey on Drug Use and Health, 2006  |d [Erscheinungsort nicht ermittelbar] : [Verlag nicht ermittelbar], 2007  |w (DE-627)1840048182 
787 0 8 |i Forschungsdaten  |a United States Department of Health and Human Services. Substance Abuse and Mental Health Services Administration. Office of Applied Studies  |t National Survey on Drug Use and Health, 2005  |d [Erscheinungsort nicht ermittelbar] : [Verlag nicht ermittelbar], 2006  |w (DE-627)1840045264 
856 4 0 |u https://doi.org/10.1176/appi.ajp.2009.09010016  |x Resolving-System  |z kostenfrei  |3 Volltext  |7 0 
935 |a mkri 
951 |a AR 
ELC |a 1 
LOK |0 000 xxxxxcx a22 zn 4500 
LOK |0 001 4637502969 
LOK |0 003 DE-627 
LOK |0 004 191253746X 
LOK |0 005 20241217044417 
LOK |0 008 241217||||||||||||||||ger||||||| 
LOK |0 035   |a (DE-2619)ICPSR83434 
LOK |0 040   |a DE-2619  |c DE-627  |d DE-2619 
LOK |0 092   |o n 
LOK |0 852   |a DE-2619 
LOK |0 852 1  |9 00 
LOK |0 935   |a nacp 
LOK |0 939   |a 17-12-24  |b l01 
OAS |a 1 
ORI |a SA-MARC-krimdoka001.raw